Collins Latin dictionary plus grammar

Αποθηκεύτηκε σε:
Λεπτομέρειες βιβλιογραφικής εγγραφής
Μορφή: Βιβλίο
Γλώσσα:English
Δημοσίευση: London : HarperCollins, c1997
Θέματα:
Ετικέτες: Προσθήκη ετικέτας
Δεν υπάρχουν, Καταχωρήστε ετικέτα πρώτοι!

MARC

LEADER 00000nam a2200000 i 4500
001 1/79711
008 990506s1997 eng d
020 |a 0-00-472092-X 
035 |l 10050451 
040 |a GR-MY-UA  |b gre  |e aacr 
041 0 |a eng 
082 0 |a 473.21 
245 1 0 |a Collins Latin dictionary plus grammar 
260 |a London :   |b HarperCollins,   |c c1997 
300 |a 255 p. 
504 |a Includes index 
650 0 0 |a Latin language  |x Dictionaries  |x English. 
650 0 0 |a English language  |x Dictionaries  |x Latin. 
650 0 0 |a Latin language  |x Grammar. 
852 |a INST  |b LESVOS  |e 19990506  |h 473.21 COL  |p 005100019997  |q 005100019997  |t REF  |y 23 
901 |a BIBL1-1999-2 
909 |a Λ  |b 062505 
922 |a 1ΕΛΗ  |b 199812  |c ΚΠΣ/ΚΥΒ  |d LEADER 
950 |a 023-1998-09-14 
970 |a ΤΖΑΦΕΡΗ  |b ΕΥΑΓΓΕΛΙΑ  |z 1999/07/05